| 000 | 00987cam a2200193 4500 | ||
|---|---|---|---|
| 001 | WB3841-01 | ||
| 008 | 021104n2002 000 0 eng u | ||
| 035 | _a(Sirsi) u120359 | ||
| 245 | _aDFT guide to disabled access | ||
| 260 | _c2002 | ||
| 490 |
_aDfT News Release _v(084) 1 November 2002, (2) |
||
| 520 | _aDepartment for Transport has published "Inclusive mobility - a guide to best practice on access to pedestrian and transport infrastructure" to provide advice on design of public transport and pedestrian networks to ensure that disabled and elderly needs are catered for. Available free from +44 (0)870 1226 236 or downloadable from www.mobility-unit.dft.gov.uk/#disabledpedestrians DfT News Release www.dft.gov.uk/news/0211/0084.htm | ||
| 590 | _aWB | ||
| 650 | _aMANAGEMENT-BUSINESS MANAGEMENT-DISCRIMINATION-DISABILITY DISCRIMINATION-ACCESSIBILITY | ||
| 650 | _aDISABILITY DISCRIMINATION ACT 1995 | ||
| 650 | _aMOBILITY | ||
| 690 | _aBUILT ENVIRONMENT | ||
| 942 | _n0 | ||
| 999 |
_c71515 _d71515 |
||